| Tag |
First Indicator |
Second Indicator |
Subfields |
| LEADER |
00000cam a22000008a 4500 |
| 001 |
in00000020184 |
| 005 |
20151007053839.0 |
| 008 |
861104s1987 nyu b 00110 eng |
| 010 |
|
|
|a 86029467
|
| 020 |
|
|
|a 0030417708
|
| 035 |
|
|
|a (OCoLC)14818846
|
| 035 |
|
|
|9 AAB3020AM
|
| 040 |
|
|
|a DLC
|c DLC
|d m/c
|d TXA
|d UtOrBLW
|
| 043 |
|
|
|a n-us---
|
| 049 |
|
|
|a TXAM
|c [A11109335]
|
| 050 |
0 |
0 |
|a LB1575.5.U5
|b H79 1987
|
| 082 |
0 |
|
|a 372.6/4
|2 19
|
| 100 |
1 |
|
|a Huck, Charlotte S.
|
| 245 |
1 |
0 |
|a Children's literature in the elementary school /
|c Charlotte S. Huck, Susan Hepler, Janet Hickman.
|
| 250 |
|
|
|a 4th ed.
|
| 263 |
|
|
|a 8701
|
| 264 |
|
1 |
|a New York :
|b Holt, Rinehart, and Winston,
|c [1987]
|
| 264 |
|
4 |
|c ©1987
|
| 300 |
|
|
|a xii, 753 pages
|
| 336 |
|
|
|a text
|b txt
|2 rdacontent
|
| 337 |
|
|
|a unmediated
|b n
|2 rdamedia
|
| 338 |
|
|
|a volume
|b nc
|2 rdacarrier
|
| 504 |
|
|
|a Includes bibliographies and indexes.
|
| 650 |
|
0 |
|a Literature
|x Study and teaching (Elementary)
|z United States.
|
| 650 |
|
0 |
|a Children's literature
|z United States.
|
| 700 |
1 |
|
|a Hepler, Susan Ingrid.
|
| 700 |
1 |
|
|a Hickman, Janet.
|
| 999 |
|
|
|a MARS
|
| 999 |
f |
f |
|s fcd24242-6af5-3c02-99d1-3f4a08b61111
|i fd3e4652-74e7-3705-88fa-73280087a2d2
|t 0
|
| 952 |
f |
f |
|p normal
|a Texas A&M University
|b College Station
|c Sterling C. Evans Library
|d Evans: Library Stacks
|t 0
|e LB1575.5.U5 H79 1987
|h Library of Congress classification
|i unmediated -- volume
|m A14811109335
|
| 998 |
f |
f |
|a LB1575.5.U5 H79 1987
|t 0
|l Evans: Library Stacks
|